Los mitos griegos
Gorde:
| Egile nagusia: | |
|---|---|
| Formatua: | Liburua |
| Hizkuntza: | gaztelania |
| Argitaratua: |
Buenos Aires
Losada
1967
|
| Gaiak: | |
| Etiketak: |
Etiketa erantsi
Etiketarik gabe, Izan zaitez lehena erregistro honi etiketa jartzen!
|
MARC
| LEADER | 00000nam a2200000 a 4500 | ||
|---|---|---|---|
| 001 | UCV8928 | ||
| 003 | CL-VaPUC | ||
| 008 | 920305e19670000AG |||||||||||||||||spa|d | ||
| 082 | 0 | 4 | |a 292.08 |b GRA |2 21 |
| 100 | |a Graves, Robert |e author |9 597104 | ||
| 245 | 1 | 4 | |a Los mitos griegos |
| 300 | |a 2 v | ||
| 942 | |c BK | ||
| 945 | |d 19920305 00:00:00 | ||
| 260 | |a Buenos Aires |b Losada |c 1967 | ||
| 650 | 0 | |a Mitología griega |9 265313 | |
| 583 | |a last modification |c 19920305 00:00:00 |k Rodrigo Vera | ||
| 999 | |c 214344 |d 214342 | ||
| 952 | |0 0 |1 1 |4 0 |6 292_080000000000000_GRA_1967 |7 0 |8 A |9 197607 |a BIBARQ |b BIBARQ |d 2019-11-14 |h v.1 |i 2652749 |o 292.08 GRA 1967 |p 2652749 |r 2019-11-14 |w 2019-11-14 |x Retirado en Inventario 2023 |y BK |k ARQ | ||
| 952 | |0 0 |1 1 |4 0 |6 292_080000000000000_GRA_1967 |7 0 |8 A |9 197608 |a BIBARQ |b BIBARQ |d 2019-11-14 |h v.2 |i 2652757 |o 292.08 GRA 1967 |p 2652757 |r 2019-11-14 |w 2019-11-14 |x Retirado en Inventario 2023 |y BK |k ARQ | ||
| 952 | |0 0 |1 0 |4 0 |6 292_080000000000000_GRA_1967 |7 0 |8 X |9 197609 |a BIBHIS |b BIBHIS |d 2019-11-14 |h v.1 |i 1332066 |o 292.08 GRA 1967 |p 1332066 |r 2024-01-30 |w 2019-11-14 |y BK_X |k HIS | ||
| 952 | |0 0 |1 0 |4 0 |6 292_080000000000000_GRA_1967 |7 0 |8 X |9 197610 |a BIBHIS |b BIBHIS |d 2019-11-14 |h v.2 |i 1332074 |o 292.08 GRA 1967 |p 1332074 |r 2024-01-30 |w 2019-11-14 |y BK_X |k HIS | ||
| 952 | |0 0 |1 0 |2 ddc |4 0 |6 292_080000000000000_GRA_1967 |7 0 |8 A |9 197611 |a BIBART |b BIBART |d 2019-11-14 |h v.1 |i 1381865 |o 292.08 GRA 1967 |p 1381865 |r 2025-03-13 |w 2019-11-14 |y BK |k ART | ||
| 952 | |0 0 |1 0 |2 ddc |4 0 |6 292_080000000000000_GRA_1967 |7 0 |8 A |9 197612 |a BIBART |b BIBART |d 2019-11-14 |h v.2 |i 1381873 |o 292.08 GRA 1967 |p 1381873 |r 2025-03-13 |w 2019-11-14 |y BK |k ART | ||